料理の「さしすせそ」 - Statistics

General Stats
  • This quiz has been taken 884 times
  • The average score is 5 of 5
Answer Stats
Hint Answer % Correct
砂糖
98%
97%
96%
醤油
90%
味噌
76%
No matching quizzes found
Score Distribution
Percent of People with Each Score
Percentile by Number Answered
Your Score History
You have not taken this quiz